000 00648cam a2200217 a 4500
001 000004865
005 20200929151524.0
008 720627s1956 mx 000 f spa d
040 _aDO-SdBNP
_bspa
_cBNPHU
041 1 7 _aspa
_hfre
082 _a843.914
_bC211pes
100 1 _aCamus, Albert,
_d1913-1960
_94231
240 1 3 _aLa Peste.
_lEspañol
245 1 3 _aLa peste /
_cAlbert Camus ; traducción de Rosa Chacel.
260 _aMéxico :
_bAzteca,
_c1956.
300 _a190 p. ;
_c21 cm.
534 _aTítulo original
_tLa Peste.
650 4 _aNovela francesa
_91075
650 4 _aLiteratura francesa
_91074
700 1 _aChacel, Rosa,
_etr.
_913632
999 _c4671
_d4671